000 00607cam a22002293a 4500
001 26828
003 PGUSA
005 20140828083558.0
008 081007s2008||||xxu|||||s|||||000 1 eng d
040 _aPGUSA
_beng
042 _adc
050 4 _aPS
100 1 _aWarner, Susan,
_d1819-1885
245 1 2 _aA Red Wallflower
_h[electronic resource] /
_cSusan Warner
260 _bProject Gutenberg,
_c2008
506 _aPublic domain in the USA.
516 _aElectronic text
653 _aFiction
830 0 _aProject Gutenberg
_v26828
856 4 0 _uhttp://www.gutenberg.org/ebooks/26828
942 _cEB
999 _c256083
_d256083